[Event "Russian Women's Higher League 2020"]
[Site "?"]
[Date "2020.10.08"]
[Round "1.1"]
[White "Gunina, Valentina"]
[Black "Getman, Tatyana"]
[Result "1-0"]
[WhiteElo "2431"]
[BlackElo "2271"]
[PlyCount "81"]
[EventDate "2020.??.??"]

1. d4 Nf6 2. c4 e6 3. Nf3 d5 4. Nc3 Bb4 5. cxd5 exd5 6. Bf4 Nbd7 7. Qb3 c5 8.
a3 Bxc3+ 9. Qxc3 Ne4 10. Qc2 c4 11. e3 Qa5+ 12. Nd2 Nb6 13. f3 Nxd2 14. Qxd2
Qxd2+ 15. Kxd2 Na4 16. e4 Be6 17. b3 cxb3 18. exd5 Bxd5 19. Bb5+ Bc6 20. Rhe1+
Kd7 21. Bc4 Nb6 22. Bxb3 Bd5 23. Rab1 Bxb3 24. Rxb3 Rac8 25. Kd3 f6 26. Bg3 h5
27. h4 Rh6 28. Bf4 Rh7 29. Rb5 Kc6 30. Ra5 Kd7 31. Rxa7 Nd5 32. Bd2 Rb8 33. Rb1
Kc6 34. Rc1+ Kd6 35. Ra5 b6 36. Ra7 Rhh8 37. Bb4+ Nxb4+ 38. axb4 g5 39. b5 Ke6
40. hxg5 fxg5 41. Rc6+ 1-0

[Event "Russian Women's Higher League 2020"]
[Site "?"]
[Date "2020.10.08"]
[Round "1.2"]
[White "Potapova, Margarita"]
[Black "Bodnaruk, Anastasia"]
[Result "1-0"]
[WhiteElo "2270"]
[BlackElo "2428"]
[PlyCount "143"]
[EventDate "2020.??.??"]

1. d4 Nf6 2. c4 g6 3. Nc3 Bg7 4. e4 d6 5. h3 O-O 6. Be3 e5 7. d5 Na6 8. g4 c6
9. Nge2 cxd5 10. cxd5 h5 11. f3 Nh7 12. Qd2 Bd7 13. Nc1 f5 14. gxf5 gxf5 15.
Nd3 Kh8 16. O-O-O f4 17. Bf2 Nc7 18. h4 Bf6 19. Kb1 Qb8 20. Bh3 Bxh3 21. Rxh3
Rg8 22. Rhh1 Qc8 23. Qe2 Qd7 24. Qf1 Nf8 25. Qh3 Qxh3 26. Rxh3 Nd7 27. Rhh1 a6
28. Rc1 Rac8 29. a4 Kg7 30. Kc2 Kf7 31. Kd2 Na8 32. Ke2 Nab6 33. b3 Nc5 34.
Nxc5 dxc5 35. a5 Nd7 36. Na4 Be7 37. Rc2 Rg2 38. Nb2 Bd6 39. Nc4 Be7 40. Kd3
Rcg8 41. Re2 R8g6 42. Rc2 Bd8 43. Ke2 Be7 44. Kf1 Rg8 45. Re2 R2g6 46. Be1 Bd8
47. Bc3 Bc7 48. Rd2 Bd6 49. Rf2 Ke7 50. Ke2 Rg1 51. Rxg1 Rxg1 52. Rf1 Rg2+ 53.
Rf2 Rg1 54. Be1 Bc7 55. Rh2 Rg8 56. Kf1 Bd8 57. Rc2 Bc7 58. b4 cxb4 59. Bxb4+
Kf6 60. Bd6 Bd8 61. Rb2 Kf7 62. Rxb7 Ke8 63. Bxe5 Bxh4 64. Bxf4 Rf8 65. Nd6+
Kd8 66. Nf5 Bf6 67. Ra7 Kc8 68. Bd6 Rh8 69. Bf4 Rf8 70. Bc7 Nb8 71. Nd6+ Kd7
72. Bxb8+ 1-0

[Event "Russian Women's Higher League 2020"]
[Site "?"]
[Date "2020.10.08"]
[Round "1.3"]
[White "Bivol, Alina"]
[Black "Yakimova, Mariya"]
[Result "0-1"]
[WhiteElo "2393"]
[BlackElo "2269"]
[PlyCount "142"]
[EventDate "2020.??.??"]

1. e4 c5 2. Nf3 Nc6 3. Bb5 d6 4. O-O Bd7 5. Re1 Nf6 6. c3 a6 7. Bf1 Bg4 8. d4
cxd4 9. cxd4 Bxf3 10. gxf3 e5 11. Be3 Be7 12. d5 Nb8 13. f4 exf4 14. Bxf4 Nbd7
15. Nd2 O-O 16. Nc4 Qb8 17. Bg3 Re8 18. Rc1 Bf8 19. Bh3 a5 20. Nd2 Ne5 21. Nb3
Qa7 22. Rc3 b5 23. Nd4 b4 24. Rce3 Qb6 25. Kg2 h5 26. f4 Neg4 27. Bxg4 Nxg4 28.
R3e2 g6 29. Nc6 Rac8 30. h3 Nf6 31. Bf2 Qa6 32. Bd4 Bg7 33. a3 bxa3 34. bxa3 h4
35. Bxf6 Bxf6 36. Qd2 a4 37. Qb4 Rxc6 38. dxc6 Qxc6 39. Rd1 Re6 40. Rd3 Bg7 41.
Kf2 Qc1 42. e5 dxe5 43. fxe5 Qg5 44. Qb8+ Kh7 45. Rf3 Kh6 46. Qb4 Bxe5 47. Qd2
Bg3+ 48. Kf1 Qxd2 49. Rxd2 Re1+ 50. Kg2 f5 51. Rd4 Re2+ 52. Kg1 Kg5 53. Rxa4
Re1+ 54. Rf1 Re3 55. Ra6 Be5 56. Kf2 Rxh3 57. Rg1+ Bg3+ 58. Kf3 Rh2 59. Rg2 Rh1
60. Re2 Kh5 61. Rf6 Rb1 62. Ree6 Rb3+ 63. Ke2 Rb2+ 64. Ke3 f4+ 65. Ke4 g5 66.
Rb6 Rxb6 67. Rxb6 h3 68. a4 h2 69. Rb1 Kg4 70. a5 Bf2 71. Rh1 Kg3 0-1

[Event "Russian Women's Higher League 2020"]
[Site "?"]
[Date "2020.10.08"]
[Round "1.4"]
[White "Schepetkova, Margarita"]
[Black "Kovalevskaya, Ekaterina"]
[Result "1-0"]
[WhiteElo "2257"]
[BlackElo "2384"]
[PlyCount "63"]
[EventDate "2020.??.??"]

1. d4 Nf6 2. c4 e6 3. g3 d5 4. Bg2 c5 5. cxd5 exd5 6. Nf3 Nc6 7. O-O Be7 8. Nc3
O-O 9. Bg5 c4 10. Ne5 Be6 11. Nxc6 bxc6 12. b3 Qa5 13. Qd2 Rad8 14. Rfd1 Qa3
15. bxc4 dxc4 16. Bxc6 h6 17. Bxf6 Bxf6 18. e3 Be7 19. Qc1 Qa5 20. a4 Rb8 21.
d5 Bf5 22. e4 Rb3 23. exf5 Rxc3 24. Qf4 Bf6 25. Rab1 Qc5 26. Rb5 Qa3 27. Kg2
Rd3 28. Re1 Qc3 29. Re4 Rd4 30. Rb8 g5 31. fxg6 Rxe4 32. Qxh6 1-0

[Event "Russian Women's Higher League 2020"]
[Site "?"]
[Date "2020.10.08"]
[Round "1.5"]
[White "Guseva, Marina"]
[Black "Lysenko, Margarita"]
[Result "1/2-1/2"]
[WhiteElo "2377"]
[BlackElo "2239"]
[PlyCount "27"]
[EventDate "2020.??.??"]

1. d4 d5 2. c4 c6 3. Nc3 Nf6 4. Nf3 a6 5. cxd5 cxd5 6. Bf4 Nc6 7. e3 Bg4 8. Rc1
e6 9. Qb3 Bxf3 10. gxf3 Na5 11. Qa4+ Nc6 12. Qb3 Na5 13. Qa4+ Nc6 14. Qb3
1/2-1/2

[Event "Russian Women's Higher League 2020"]
[Site "?"]
[Date "2020.10.08"]
[Round "1.6"]
[White "Paramzina, Anastasya"]
[Black "Gritsayeva, Oksana"]
[Result "0-1"]
[WhiteElo "2237"]
[BlackElo "2373"]
[PlyCount "130"]
[EventDate "2020.??.??"]

1. e4 e6 2. d4 d5 3. Nd2 Nc6 4. Ngf3 Nf6 5. e5 Nd7 6. Nb3 Be7 7. Bf4 a5 8. a4
b6 9. h4 h6 10. h5 Ndb8 11. c3 Ba6 12. Nfd2 Bg5 13. Bg3 Bxd2+ 14. Nxd2 Ne7 15.
f4 Bxf1 16. Nxf1 c5 17. Bf2 Nd7 18. Qg4 O-O 19. Ne3 cxd4 20. cxd4 Qc8 21. O-O
f5 22. Qe2 Nc6 23. Nc2 Qb7 24. Na3 Na7 25. Nb5 Qa6 26. Rac1 Rac8 27. Be3 Nxb5
28. axb5 Qb7 29. Qd3 Rfe8 30. Bd2 Nf8 31. Qb3 Kf7 32. Qf3 Qd7 33. Qd3 Red8 34.
Be3 Kg8 35. Kf2 Qe8 36. Qe2 Rxc1 37. Rxc1 Rc8 38. Rxc8 Qxc8 39. Qd3 Qe8 40. Qe2
g6 41. hxg6 Nxg6 42. Kg1 Ne7 43. Bf2 Nc8 44. Qc2 Qd7 45. g4 Na7 46. gxf5 exf5
47. Qe2 Nxb5 48. e6 Qg7+ 49. Kf1 Nd6 50. e7 Kf7 51. Bh4 Qg6 52. Qe5 Ke8 53.
Qxd5 Kd7 54. Qa8 Qh5 55. d5 Qd1+ 56. Kg2 Qe2+ 57. Kg1 Qg4+ 58. Kf1 Qxf4+ 59.
Kg2 Qe4+ 60. Kf1 Qb1+ 61. Kg2 Qxb2+ 62. Kf1 Qc1+ 63. Kg2 Qc8 64. Qa7+ Qb7 65.
Qxb7+ Nxb7 0-1

[Event "Russian Women's Higher League 2020"]
[Site "?"]
[Date "2020.10.08"]
[Round "1.7"]
[White "Ovod, Evgenija"]
[Black "Grigorieva, Yulia"]
[Result "0-1"]
[WhiteElo "2372"]
[BlackElo "2237"]
[PlyCount "62"]
[EventDate "2020.??.??"]

1. e4 Nc6 2. d4 d5 3. e5 Bf5 4. Ne2 e6 5. Ng3 Bg6 6. h4 h5 7. Be2 Be7 8. Nxh5
Bxh5 9. Bxh5 g6 10. Be2 Rxh4 11. Rxh4 Bxh4 12. g3 Bg5 13. f4 Bh6 14. Be3 f6 15.
Bd3 fxe5 16. Bxg6+ Kd7 17. dxe5 Nxe5 18. Bh5 Nc4 19. Bd4 Bxf4 20. Qg4 Bg5 21.
Nc3 Nh6 22. Qh3 Nf5 23. Bf2 Bd2+ 24. Kf1 Qg5 25. Ne2 Rh8 26. g4 Nfe3+ 27. Kg1
Ne5 28. Qg3 Rxh5 29. Nf4 Rh4 30. Nd3 Rxg4 31. Nxe5+ Qxe5 0-1

[Event "Russian Women's Higher League 2020"]
[Site "?"]
[Date "2020.10.08"]
[Round "1.8"]
[White "Bykova, Anastasia"]
[Black "Vasilevich, Tatjana"]
[Result "1/2-1/2"]
[WhiteElo "2215"]
[BlackElo "2360"]
[PlyCount "49"]
[EventDate "2020.??.??"]

1. d4 Nf6 2. c4 e6 3. Nf3 c5 4. d5 b5 5. Bg5 exd5 6. cxd5 d6 7. e4 a6 8. a4 Be7
9. axb5 Nxe4 10. Bxe7 Qxe7 11. Be2 O-O 12. O-O Qb7 13. Nc3 Nxc3 14. bxc3 axb5
15. Rxa8 Qxa8 16. Bxb5 Qa5 17. c4 Bd7 18. Qa1 Qc7 19. Rb1 h6 20. h3 Re8 21. Qa4
Kh7 22. Qc2+ Kg8 23. Qa4 Kh7 24. Qc2+ Kg8 25. Qa4 1/2-1/2

[Event "Russian Women's Higher League 2020"]
[Site "?"]
[Date "2020.10.08"]
[Round "1.9"]
[White "Charochkina, Daria"]
[Black "Nasyrova, Ekaterina"]
[Result "0-1"]
[WhiteElo "2356"]
[BlackElo "2171"]
[PlyCount "144"]
[EventDate "2020.??.??"]

1. e4 e5 2. d4 exd4 3. Qxd4 Nc6 4. Qc4 Nf6 5. Nc3 Bb4 6. Bd2 O-O 7. O-O-O a5 8.
f3 d6 9. a3 Be6 10. Qe2 Bc5 11. g4 b5 12. Nxb5 Ne5 13. Bc3 Nfd7 14. Nh3 Qc8 15.
Nd4 Nb6 16. Nb3 Bc4 17. Qg2 Be3+ 18. Kb1 Bxf1 19. Rhxf1 Nec4 20. Rd3 Qb7 21.
Qe2 a4 22. Nd4 Bxd4 23. Bxd4 c5 24. Bc3 d5 25. exd5 Nxd5 26. Rxd5 Nxa3+ 27. Ka1
Nxc2+ 28. Qxc2 Qxd5 29. Nf4 Qc4 30. Nd3 Rfd8 31. Rd1 Rd5 32. Nf2 Rxd1+ 33. Nxd1
Re8 34. Kb1 Qf1 35. Qxa4 Rd8 36. Kc1 Qxf3 37. g5 Ra8 38. Qd7 Qf4+ 39. Kc2 Qxg5
40. h3 h5 41. Qd3 Rd8 42. Qe4 Qg3 43. Qf5 c4 44. Nf2 Re8 45. Bd2 Re5 46. Qc8+
Kh7 47. Qc7 Qb3+ 48. Kc1 Rf5 49. Qa7 Qf3 50. Be3 Re5 51. Kd2 Rd5+ 52. Kc2 g5
53. Bd4 Rf5 54. Qe7 Qd5 55. Kc3 Rf3+ 56. Be3 Kg6 57. Qe8 Kg7 58. Kb4 Rf5 59.
Kc3 Rf3 60. Kb4 Kh7 61. Bc5 Rb3+ 62. Ka4 Rxb2 63. Bd4 Ra2+ 64. Kb4 Qa5+ 65.
Kxc4 Rc2+ 66. Kd3 Qd2+ 67. Ke4 Qe1+ 68. Be3 Rxf2 69. Kd5 Rf5+ 70. Kc6 Qc3+ 71.
Kb7 Qb4+ 72. Kc7 Qa5+ 0-1

[Event "Russian Women's Higher League 2020"]
[Site "?"]
[Date "2020.10.08"]
[Round "1.10"]
[White "Gorovenko, Darya"]
[Black "Dordzhieva, Dinara"]
[Result "1/2-1/2"]
[WhiteElo "2120"]
[BlackElo "2354"]
[PlyCount "117"]
[EventDate "2020.??.??"]

1. d4 Nf6 2. c4 e6 3. Nf3 d5 4. g3 dxc4 5. Bg2 Nc6 6. O-O Rb8 7. a4 a6 8. Bg5
Be7 9. e3 b5 10. axb5 axb5 11. b3 cxb3 12. Qxb3 O-O 13. Rc1 Bb7 14. Nc3 Nb4 15.
Qb1 Nd7 16. Bxe7 Qxe7 17. Ra7 g6 18. Ne4 Bxe4 19. Qxe4 Nd5 20. Qb1 b4 21. Nd2
Nc3 22. Qd3 Rfd8 23. Nb1 Nb5 24. Rb7 Rxb7 25. Bxb7 Nd6 26. Rxc7 Nc5 27. Rxc5
Qxb7 28. d5 e5 29. Nd2 Rc8 30. Nb3 Rxc5 31. Nxc5 Qa7 32. Ne4 Nxe4 33. Qxe4 Qb8
34. Qb1 b3 35. d6 Kf8 36. Qb2 f6 37. f4 Qb6 38. Kf2 Qb5 39. Qa3 Ke8 40. Qa7 Qd7
41. Qb8+ Qd8 42. Qb5+ Kf8 43. fxe5 fxe5 44. Qxe5 Kf7 45. Qd5+ Kg7 46. Qxb3 Qxd6
47. Qb7+ Kh6 48. Qb2 Qd3 49. h4 Qf5+ 50. Kg1 Qf3 51. Qf2 Qd1+ 52. Kg2 Qd5+ 53.
Qf3 Qd2+ 54. Kh3 Kg7 55. g4 Qe1 56. g5 Qg1 57. e4 Qd4 58. Kg2 Qe5 59. Kh3
1/2-1/2

[Event "Russian Women's Higher League 2020"]
[Site "?"]
[Date "2020.10.08"]
[Round "1.11"]
[White "Voit, Daria"]
[Black "Miroshnik, Ekaterina"]
[Result "1-0"]
[WhiteElo "2343"]
[BlackElo "2104"]
[PlyCount "73"]
[EventDate "2020.??.??"]

1. d4 d6 2. Nf3 g6 3. c4 Bg7 4. Nc3 e5 5. g3 Nd7 6. Bg2 Ne7 7. O-O O-O 8. e4
exd4 9. Nxd4 Nc6 10. Nde2 Nc5 11. Be3 Ne5 12. b3 a5 13. Qc2 Bd7 14. h3 a4 15.
Rab1 axb3 16. axb3 Nc6 17. b4 Ne6 18. Rfd1 Re8 19. f4 Nf8 20. c5 dxc5 21. Bxc5
Qc8 22. Kh2 Ne6 23. Bf2 Ne7 24. Rbc1 Rd8 25. b5 Be8 26. Qb3 Rxd1 27. Rxd1 Kh8
28. e5 Kg8 29. Ne4 c6 30. Nd6 Qc7 31. Nc3 h5 32. h4 Nf8 33. bxc6 bxc6 34. Ncb5
Qb8 35. Nxe8 Ra5 36. Ned6 Ne6 37. Nd4 1-0

[Event "Russian Women's Higher League 2020"]
[Site "?"]
[Date "2020.10.08"]
[Round "1.12"]
[White "Garmash, Aliona"]
[Black "Garifullina, Leya"]
[Result "1/2-1/2"]
[WhiteElo "2093"]
[BlackElo "2335"]
[PlyCount "120"]
[EventDate "2020.??.??"]

1. d4 Nf6 2. c4 e6 3. Nf3 b6 4. g3 Bb7 5. Bg2 Bb4+ 6. Bd2 Be7 7. Nc3 c6 8. Rc1
O-O 9. O-O d5 10. Bf4 Nh5 11. Be5 Nd7 12. e3 Nhf6 13. Qd3 Ba6 14. b3 Ng4 15. h3
dxc4 16. Qe2 Ngxe5 17. Nxe5 Nxe5 18. dxe5 Qd3 19. bxc4 Qxc4 20. Qxc4 Bxc4 21.
Rfd1 Bd5 22. Nxd5 cxd5 23. e4 dxe4 24. Bxe4 Rad8 25. Rxd8 Rxd8 26. Rc7 Bc5 27.
Rxa7 g5 28. Ra8 Rxa8 29. Bxa8 Bd4 30. g4 Bxe5 31. Be4 Kg7 32. f3 h6 33. Kf2 h5
34. Bd3 Bd4+ 35. Kg2 Bc5 36. Bc2 hxg4 37. hxg4 Kf6 38. Bd3 Ke5 39. Bb1 Kd4 40.
Bc2 b5 41. Bb3 Kd3 42. Kg3 Ke3 43. Kg2 Ke2 44. Kg3 Kf1 45. Bc2 Bd6+ 46. Kh3 Kf2
47. Be4 b4 48. Bc6 Bc7 49. Be4 Be5 50. Bc6 Bd6 51. Be4 Be7 52. Bc6 f5 53. gxf5
exf5 54. Bd5 Bf6 55. Bc6 Bc3 56. Bd5 Bf6 57. Bc6 g4+ 58. fxg4 f4 59. g5 Bxg5
60. Kg4 Bh6 1/2-1/2

[Event "Russian Women's Higher League 2020"]
[Site "?"]
[Date "2020.10.08"]
[Round "1.13"]
[White "Kovanova, Baira"]
[Black "Kochukova, Anna"]
[Result "1-0"]
[WhiteElo "2324"]
[BlackElo "2093"]
[PlyCount "89"]
[EventDate "2020.??.??"]

1. d4 d5 2. Nf3 Nf6 3. g3 e6 4. Bg2 Be7 5. c4 O-O 6. O-O dxc4 7. Ne5 c5 8. dxc5
Bxc5 9. Nxc4 Qxd1 10. Rxd1 Ng4 11. e3 Nc6 12. Nc3 Nge5 13. Nxe5 Nxe5 14. b3 f6
15. Bb2 Nf7 16. Rac1 Rb8 17. Nb5 Bb6 18. Ba3 Rd8 19. Rxd8+ Bxd8 20. Nxa7 Bd7
21. Bc5 g5 22. a4 g4 23. h3 h5 24. hxg4 hxg4 25. Nb5 Bc6 26. Bxc6 bxc6 27. Nd4
e5 28. Nxc6 Rxb3 29. Nxd8 Nxd8 30. Be7 Nf7 31. Bxf6 Rb6 32. Be7 Rb7 33. Bh4 Rb4
34. Ra1 e4 35. a5 Ne5 36. a6 Rb8 37. a7 Ra8 38. Ra4 Kf7 39. Rxe4 Ke6 40. Ra4
Kf5 41. Be7 Ke6 42. Bc5 Kd5 43. Bd4 Nf3+ 44. Kg2 Ke4 45. Rb4 1-0

[Event "Russian Women's Higher League 2020"]
[Site "?"]
[Date "2020.10.08"]
[Round "1.14"]
[White "Mironenko, Galina"]
[Black "Solozhenkina, Elizaveta"]
[Result "1/2-1/2"]
[WhiteElo "2061"]
[BlackElo "2301"]
[PlyCount "92"]
[EventDate "2020.??.??"]

1. e4 e6 2. d4 d5 3. Bd3 dxe4 4. Bxe4 Nf6 5. Bf3 c5 6. Ne2 Nc6 7. Be3 cxd4 8.
Nxd4 Ne5 9. Nc3 a6 10. Qe2 Bb4 11. O-O Nxf3+ 12. Nxf3 O-O 13. Bg5 Be7 14. Rad1
Qc7 15. Ne4 Nxe4 16. Bxe7 Nc3 17. Qd2 Qxe7 18. Qxc3 f6 19. Qb3 Kh8 20. Rfe1 e5
21. Nd4 Qd7 22. Ne2 Qc6 23. Qb4 Bf5 24. c4 a5 25. Qb5 Qxb5 26. cxb5 Rfd8 27. f3
Kg8 28. Kf2 Kf7 29. Ke3 a4 30. g4 Be6 31. Nc3 Bc4 32. Ke4 Ke6 33. f4 Rxd1 34.
Rxd1 b6 35. fxe5 fxe5 36. Nd5 Rf8 37. Nc7+ Ke7 38. Kxe5 Rc8 39. Nd5+ Bxd5 40.
Rxd5 Rc2 41. Rd4 Rxb2 42. Rxa4 Rxb5+ 43. Ke4 h5 44. h4 Kd6 45. gxh5 Rxh5 46.
Kf3 g5 1/2-1/2

[Event "Russian Women's Higher League 2020"]
[Site "?"]
[Date "2020.10.08"]
[Round "1.15"]
[White "Belenkaya, Dina"]
[Black "Mukhina, Jana"]
[Result "1-0"]
[WhiteElo "2297"]
[BlackElo "2025"]
[PlyCount "87"]
[EventDate "2020.??.??"]

1. e4 c5 2. Nf3 Nc6 3. Bb5 g6 4. O-O Bg7 5. Re1 Nf6 6. c3 O-O 7. h3 e5 8. d3
Re8 9. a3 a6 10. Bxc6 bxc6 11. b4 cxb4 12. axb4 Bb7 13. Qb3 d6 14. Nbd2 Qc7 15.
Nc4 Nd7 16. Be3 Rac8 17. Reb1 h6 18. Na5 Ba8 19. Qc4 Nb8 20. Nb3 Kh7 21. Nfd2
f5 22. f3 Bf8 23. d4 f4 24. Bf2 Bb7 25. Na5 Ba8 26. dxe5 Rxe5 27. Bd4 Ree8 28.
Ndb3 Rcd8 29. Re1 Rd7 30. Red1 Qc8 31. Bb6 Rg7 32. Qf1 Nd7 33. Bd4 Rg8 34. Qc4
Ne5 35. Bxe5 Rxe5 36. Qf7+ Rg7 37. Qxf4 Rg5 38. Nc4 Qxh3 39. Qxg5 Qe6 40. Qd8
Be7 41. Qxa8 Qxc4 42. Nd4 Qxc3 43. Qxc6 Qe3+ 44. Kf1 1-0

[Event "Russian Women's Higher League 2020"]
[Site "?"]
[Date "2020.10.08"]
[Round "1.16"]
[White "Berezina, Mariya"]
[Black "Shafigullina, Zarina"]
[Result "0-1"]
[WhiteElo "1982"]
[BlackElo "2296"]
[PlyCount "140"]
[EventDate "2020.??.??"]

1. c4 e5 2. Nc3 Nf6 3. Nf3 Nc6 4. e3 Bb4 5. Qc2 d6 6. Nd5 Bc5 7. a3 a5 8. Bd3
h6 9. b3 O-O 10. Bb2 Nxd5 11. cxd5 Ne7 12. Nxe5 Nxd5 13. Nf3 Nf6 14. Bf5 Be6
15. O-O Ra6 16. Nd4 Bxf5 17. Nxf5 Re8 18. Qc3 Re5 19. Qc2 Re6 20. Bc3 d5 21.
Bxf6 Rxf6 22. Nxh6+ Rxh6 23. Qxc5 Rag6 24. f3 c6 25. Qd4 Qg5 26. Rf2 Rh4 27.
Qd3 Qe5 28. Qc3 Qxh2+ 29. Kf1 Qg3 30. Ke2 d4 31. Qd3 c5 32. Rc1 dxe3 33. dxe3
Rd6 34. Qc2 Rh5 35. Rd1 Rhd5 36. Rxd5 Rxd5 37. Qe4 Qd6 38. Qe8+ Kh7 39. Qe4+ g6
40. Qc2 b5 41. Rf1 Rg5 42. Rh1+ Kg7 43. Qc3+ f6 44. Qxa5 Rxg2+ 45. Kf1 Rd2 46.
Qa7+ Qd7 47. Qxd7+ Rxd7 48. Ke2 Ra7 49. Ra1 g5 50. a4 c4 51. bxc4 Rxa4 52. Rb1
bxc4 53. Rb7+ Kg6 54. Rc7 Kf5 55. Rc5+ Ke6 56. e4 Ra2+ 57. Ke3 Ra3+ 58. Kd4
Rxf3 59. Rxc4 Kf7 60. Rc7+ Kg6 61. Re7 g4 62. e5 f5 63. Re6+ Kg5 64. Re8 g3 65.
Rg8+ Kf4 66. e6 Re3 67. Rg6 Re1 68. Kd5 Kf3 69. Kd6 g2 70. e7 f4 0-1

[Event "Russian Women's Higher League 2020"]
[Site "?"]
[Date "2020.10.08"]
[Round "1.17"]
[White "Goltseva, Ekaterina"]
[Black "Salakhova, Adelya"]
[Result "1/2-1/2"]
[WhiteElo "2294"]
[BlackElo "1885"]
[PlyCount "74"]
[EventDate "2020.??.??"]

1. d4 d5 2. c4 e6 3. Nf3 Nf6 4. g3 dxc4 5. Bg2 Nc6 6. O-O Rb8 7. e3 b5 8. b3
cxb3 9. axb3 Bb7 10. Bb2 Be7 11. Ne5 Nxe5 12. dxe5 Bxg2 13. Kxg2 Nd5 14. Qg4
O-O 15. e4 Nb4 16. Rxa7 Bc5 17. Rd1 Qc8 18. Ra1 Rd8 19. Qe2 Rxd1 20. Qxd1 Qd8
21. Qxd8+ Rxd8 22. Nc3 c6 23. Rd1 Rxd1 24. Nxd1 Nd3 25. Kf1 Nxb2 26. Nxb2 g5
27. Nd3 Bd4 28. b4 g4 29. Kg2 Kg7 30. h3 h5 31. h4 Kf8 32. f3 gxf3+ 33. Kxf3
Kg7 34. Kf4 Kg6 35. Kf3 Kg7 36. Kf4 Kh6 37. Kf3 Kg7 1/2-1/2

[Event "Russian Women's Higher League 2020"]
[Site "?"]
[Date "2020.10.08"]
[Round "1.18"]
[White "Makarova, Olga"]
[Black "Semenova, Elena"]
[Result "1/2-1/2"]
[WhiteElo "1875"]
[BlackElo "2284"]
[PlyCount "119"]
[EventDate "2020.??.??"]

1. c4 e6 2. Nc3 Nf6 3. e4 d5 4. e5 d4 5. exf6 dxc3 6. bxc3 Qxf6 7. Nf3 b6 8. g3
Bb7 9. Bg2 Bd6 10. O-O O-O 11. d4 h6 12. a4 Nc6 13. a5 Nxa5 14. c5 Be7 15. Ne5
Bxg2 16. Kxg2 Qf5 17. Re1 Rfe8 18. g4 Qh7 19. Qf3 Bf6 20. Bf4 Nb3 21. Ra3 Qc2
22. Re2 Qd1 23. Nc4 Nc1 24. Rd2 Qxf3+ 25. Kxf3 bxc5 26. Rd1 cxd4 27. Rxc1 e5
28. Bd2 e4+ 29. Ke2 d3+ 30. Kf1 Re6 31. Ne3 Bg5 32. Rca1 a6 33. Rb1 g6 34. Ra4
f5 35. gxf5 gxf5 36. Nc4 Rae8 37. Bxg5 hxg5 38. Ra5 Rc6 39. Rb4 Rd8 40. Ke1 Rf6
41. Ne3 Rdf8 42. Nd5 Re6 43. Nxc7 Rh6 44. Rxa6 Rxh2 45. Rg6+ Kf7 46. Rxg5 Kf6
47. Rg1 Rd8 48. Rf1 Rd7 49. Nb5 Ke5 50. Nd4 f4 51. Rb5+ Rd5 52. Kd2 Rxb5 53.
Nxb5 Kd5 54. Na3 Kc5 55. Nb1 Kc4 56. Na3+ Kb3 57. Nb5 Kc4 58. Nd6+ Kd5 59. Nb5
Kc4 60. Nd6+ 1/2-1/2

[Event "Russian Women's Higher League 2020"]
[Site "?"]
[Date "2020.10.10"]
[Round "3.1"]
[White "Gunina, Valentina"]
[Black "Shafigullina, Zarina"]
[Result "1-0"]
[WhiteElo "2431"]
[BlackElo "2296"]
[PlyCount "119"]
[EventDate "2020.??.??"]

1. e4 c5 2. Nc3 d6 3. Nf3 Nf6 4. d4 cxd4 5. Nxd4 a6 6. h3 e5 7. Nde2 h5 8. g3
Be6 9. Bg2 b5 10. Bg5 Nbd7 11. Qd2 Be7 12. f4 Rc8 13. b3 Nb6 14. Nd1 Qc7 15.
Ne3 Qc5 16. Rd1 Bd7 17. O-O a5 18. Kh1 O-O 19. c3 Rfe8 20. b4 axb4 21. cxb4 Qc7
22. Rc1 Nc4 23. Nxc4 bxc4 24. Nc3 Bc6 25. a4 Nh7 26. Bxe7 Qxe7 27. b5 Ba8 28.
f5 Nf6 29. Rfd1 Red8 30. Qe3 Rc5 31. Rd2 d5 32. exd5 Bxd5 33. Rcd1 Bxg2+ 34.
Kxg2 Rxd2+ 35. Rxd2 e4 36. Qd4 Kh7 37. Qd6 Qxd6 38. Rxd6 e3 39. Kf3 Re5 40. Ke2
Ne4 41. Nxe4 Rxe4 42. Rc6 h4 43. g4 Rd4 44. b6 Rd2+ 45. Ke1 Rh2 46. Rxc4 Rxh3
47. Rb4 Rh1+ 48. Ke2 h3 49. b7 h2 50. b8=Q Re1+ 51. Kxe1 h1=Q+ 52. Ke2 Qg2+ 53.
Kxe3 Qg1+ 54. Kf3 Qf1+ 55. Ke4 Qe2+ 56. Kd5 Qf3+ 57. Kc5 Qc3+ 58. Kb5 Qd3+ 59.
Ka5 Qd5+ 60. Rb5 1-0

[Event "Russian Women's Higher League 2020"]
[Site "?"]
[Date "2020.10.10"]
[Round "3.2"]
[White "Belenkaya, Dina"]
[Black "Grigorieva, Yulia"]
[Result "0-1"]
[WhiteElo "2297"]
[BlackElo "2237"]
[PlyCount "124"]
[EventDate "2020.??.??"]

1. e4 c5 2. Nf3 e6 3. b3 Nf6 4. e5 Nd5 5. c4 Nc7 6. Bb2 Nc6 7. Nc3 d5 8. exd6
Bxd6 9. Ne4 e5 10. b4 Ne6 11. bxc5 Nxc5 12. Nxd6+ Qxd6 13. d4 exd4 14. Nxd4 O-O
15. Be2 Nxd4 16. Qxd4 Qxd4 17. Bxd4 Ne6 18. Be3 b6 19. a4 Bb7 20. f3 Nc5 21.
Ra3 f5 22. Kf2 f4 23. Bd4 Rad8 24. Rd1 Bc6 25. a5 Rfe8 26. Rd2 bxa5 27. Bc3 a4
28. Rxd8 Rxd8 29. Be5 g5 30. Bf6 Rb8 31. Bxg5 Rb3 32. Ra2 Ne6 33. Bf6 Kf7 34.
Be5 Re3 35. Bb2 a6 36. g3 Rb3 37. Bd1 Rd3 38. Be2 Rd2 39. Ke1 Rc2 40. c5 a3 41.
Rxa3 Rxb2 42. Bxa6 Rxh2 43. gxf4 Nxc5 44. Bc4+ Kf8 45. Ra5 Nd7 46. Be2 Nf6 47.
Re5 Nd5 48. Bd3 Nb4 49. Rf5+ Ke7 50. Re5+ Kd6 51. Bf5 Bxf3 52. Re6+ Kd5 53. Re3
Bh1 54. Kf1 Kd4 55. Re7 h5 56. Kg1 Rh4 57. Bg6 Bd5 58. f5 Nd3 59. Kf1 Rh1+ 60.
Ke2 Re1+ 61. Kd2 Rxe7 62. f6 Ra7 0-1

[Event "Russian Women's Higher League 2020"]
[Site "?"]
[Date "2020.10.10"]
[Round "3.3"]
[White "Guseva, Marina"]
[Black "Nasyrova, Ekaterina"]
[Result "1-0"]
[WhiteElo "2377"]
[BlackElo "2171"]
[PlyCount "83"]
[EventDate "2020.??.??"]

1. d4 Nf6 2. c4 g6 3. Nf3 Bg7 4. g3 O-O 5. Bg2 d6 6. O-O Nc6 7. Nc3 a6 8. d5
Na5 9. Nd2 c5 10. Qc2 Bd7 11. b3 b5 12. Bb2 Rb8 13. Nd1 e5 14. cxb5 axb5 15. f4
exf4 16. gxf4 b4 17. e4 Qb6 18. Nc4 Nxc4 19. bxc4 b3 20. Qc1 Rfe8 21. e5 Nh5
22. exd6 bxa2 23. Bxg7 Nxg7 24. Rxa2 Nf5 25. Nf2 Nd4 26. Ne4 Kg7 27. Qa1 Bf5
28. Ra6 Qb4 29. Ra4 Qb2 30. Ng3 Bd3 31. Rf2 Qb3 32. Bf1 Bb1 33. Ra3 Qd1 34. Rd3
Qe1 35. Rxd4 cxd4 36. Qxd4+ Kg8 37. c5 Qa5 38. d7 Re1 39. c6 Rc1 40. Re2 Qa8
41. Qe3 Rc4 42. Rb2 1-0

[Event "Russian Women's Higher League 2020"]
[Site "?"]
[Date "2020.10.10"]
[Round "3.4"]
[White "Solozhenkina, Elizaveta"]
[Black "Gritsayeva, Oksana"]
[Result "1/2-1/2"]
[WhiteElo "2301"]
[BlackElo "2373"]
[PlyCount "146"]
[EventDate "2020.??.??"]

1. e4 c5 2. Nf3 d6 3. d4 Nf6 4. Nc3 cxd4 5. Nxd4 a6 6. f3 Nc6 7. Be3 e5 8. Nb3
Be6 9. Qd2 Rc8 10. O-O-O Be7 11. Kb1 O-O 12. g4 a5 13. Bb5 Ra8 14. h4 Qc7 15.
h5 h6 16. g5 hxg5 17. Bxg5 Kh8 18. Rdg1 Nh7 19. Bxe7 Qxe7 20. Nd5 Qd8 21. a4
Ne7 22. Nxe7 Qxe7 23. Nxa5 Rac8 24. Nb3 Rfd8 25. Rg3 d5 26. exd5 Rxd5 27. Qg2
Bf5 28. Rc1 Qb4 29. Na1 Rd2 30. Qg1 Rg8 31. h6 g5 32. Qe1 Qd6 33. Nb3 Bxc2+ 34.
Rxc2 Rd1+ 35. Rc1 Rxe1 36. Rxe1 Rc8 37. Rg4 f6 38. Rge4 Nf8 39. R1e2 Qd1+ 40.
Ka2 Ne6 41. R4e3 Rd8 42. Re1 Qc2 43. Rc3 Qf2 44. Rec1 Kh7 45. Bd3+ Kh8 46. Bf5
Re8 47. Rc8 Nd8 48. Rd1 Qxf3 49. Rdxd8 Qxf5 50. Rxe8+ Kh7 51. Rh8+ Kg6 52. Rc7
Qe4 53. Ka3 Qd5 54. Rg7+ Kf5 55. h7 Qd6+ 56. Ka2 Qa6 57. a5 Qc6 58. Ka3 Qd6+
59. Ka2 Qc6 60. Rd8 Qa4+ 61. Kb1 Qe4+ 62. Kc1 Qc4+ 63. Kd2 Qb4+ 64. Ke2 Qc4+
65. Ke1 Qe4+ 66. Kd1 Qg4+ 67. Ke1 Qe4+ 68. Kd2 Qb4+ 69. Ke3 Qxb3+ 70. Rd3 Qb4
71. h8=Q Qe1+ 72. Kf3 Qf1+ 73. Ke3 Qe1+ {Ke4+} 1/2-1/2